Score 0/100 Timer 20:00
0 Plays Today
Rank Person % Correct
3/4Mary Kate & Ashley Olsen
87.3%
3/4Mary Kate & Ashley Olsen
87.3%
9Miley Cyrus
84.2%
2Macaulay Culkin
81.3%
10Britney Spears
80.3%
5Daniel Radcliffe
77.5%
8Raven-Symone
74.2%
11Hanson
72.1%
24Lindsay Lohan
70.1%
7Jonathan Taylor Thomas
64.2%
29Hilary Duff
64%
49Emma Watson
63.8%
12Fred Savage
63.2%
33Ben Savage
60.7%
13Melissa Joan Hart
59.5%
6Jaleel White
58.4%
16/17Tia & Tamera Mowry
56.8%
16/17Tia & Tamera Mowry
56.8%
68Selena Gomez
56.5%
28Haley Joel Osment
55.9%
21Frankie Muniz
54.3%
39Kenan Thompson and Kel Mitchell
53%
40Kenan Thompson and Kel Mitchell
53%
1Justin Bieber
51.8%
60Candace Cameron
49.1%
15Amanda Bynes
48.4%
45Vanessa Hudgens
46.6%
22Christina Ricci
46.4%
43Abigail Breslin
43.7%
14Dakota Fanning
42%
53Jennifer Love Hewitt
42%
19Joey Lawrence
41.8%
18Anna Paquin
41%
38Kirsten Dunst
39.9%
Rank Person % Correct
41Mayim Bialik
39.7%
48Claire Danes
39.7%
37Justin Timberlake
38.2%
69Demi Lovato
38.2%
64Jodie Sweetin
38%
59Nick Carter
37.6%
77Jeremy Jackson
37.4%
42Sara Gilbert
37.2%
20Jonathan Lipnicki
37%
55Michelle Williams
36.4%
78Aaron Carter
36.2%
76Jessica Biel
34.9%
25Danica McKellar
34.7%
32Natalie Portman
34.7%
54Dustin Diamond
33.1%
84Taylor Lautner
32.4%
31Mara Wilson
32%
36Angus T. Jones
31.6%
100Bow Wow
31.4%
66Danielle Fishel
31%
71Shia LaBeouf
30.8%
80Rider Strong
28.1%
30Mark-Paul Gosselaar
27.9%
26Elijah Wood
27.6%
46Edward Furlong
27.4%
96Drake
27.4%
82Taran Noah Smith
27.2%
90Avril Lavigne
26.4%
23Joseph Gordon-Levitt
24.7%
27Keshia Knight Pulliam
24.1%
74Emma Roberts
23.9%
83Beverly Mitchell
23.7%
79Michelle Trachtenberg
23.1%
58Anna Chlumsky
20.2%
Rank Person % Correct
47Mandy Moore
18.7%
61Scarlett Johansson
18.7%
34Brandy
16.6%
87Jenna von Oy
15.8%
95Johnny Galecki
15.8%
88Jake Lloyd
15.4%
94Andrea Barber
15%
73Michael Fishman
14.5%
56Rico Rodriguez
14.3%
81Hallie Eisenberg
13.3%
97Kyla Pratt
13.3%
35The Jonas Brothers
13.1%
50/51Danny Tamberelli and Michael Maronna
12.9%
50/51Danny Tamberelli and Michael Maronna
12.9%
62Brad Renfro
12.1%
70LeAnn Rimes
11.6%
44Josh Saviano
10.8%
85Jonathan Brandis
10.4%
57Lil Romeo
9.8%
65Madeline Zima
8.5%
98Ariana Richards
8.5%
67John Francis Daley
8.3%
72Alisan Porter
7.3%
99Samm Levine
7.1%
92Miko Hughes
6.4%
75Michael Oliver
6.2%
63Hanna Hall
5.8%
91Jaimee Foxworth
5.2%
86Jason James Richter
4.6%
52Heather DeLoach
4.2%
89Michael Bower
3.3%
93Spencer Elden
1.5%

You're not logged in!

Compare scores with friends on all Sporcle quizzes.
OR
Log In

Sporcle TV

Today on Sporcle TV


Watch our educational content, quiz creation guides, and fun videos on Sporcle TV.

Show Comments

Extras

Top Quizzes Today


Score Distribution

Paid Content

Your Account Isn't Verified!

In order to create a playlist on Sporcle, you need to verify the email address you used during registration. Go to your Sporcle Settings to finish the process.

Report this User

Report this user for behavior that violates our Community Guidelines.

Details: